Las ideas políticas en argentina /
Guardado en:
| Autor Principal: | |
|---|---|
| Formato: | Libro |
| Publicado: |
Buenos Aires :
Fondo de Cultura Económica,
1975
|
| Edición: | 2a. ed. |
| Series: | Colección Popular; No. 147
|
| Materias: | |
| Etiquetas: |
Agregar Etiqueta
Sin Etiquetas, Sea el primero en etiquetar este registro!
|
| LEADER | 00928nam a22002415a 4500 | ||
|---|---|---|---|
| 001 | CEM.cems013053 | ||
| 008 | 130507s1975##################000#0#####d | ||
| 005 | 20241210092255.0 | ||
| 245 | 1 | 0 | |a Las ideas políticas en argentina / |c José Luis Romero |
| 250 | |a 2a. ed. | ||
| 260 | |a Buenos Aires : |b Fondo de Cultura Económica, |c 1975 | ||
| 300 | |a 306 p. | ||
| 490 | 0 | |a Colección Popular; No. 147 | |
| 505 | 0 | |a La Era Colonial -- La Era Criolla -- La Era Aluvial | |
| 020 | |a 9505570090 | ||
| 100 | 1 | |a Romero, José Luis | |
| 082 | 0 | 4 | |a Z320.982 |
| 653 | |a Historia política argentina | ||
| 653 | |a Argentina-ideas políticas | ||
| 859 | |a CEMS |b BIB. CEMS - 11 de abril |h Z320.982 |i R664a2 |p 7842.80 |t Ej.4 | ||
| 859 | |a CEMS |b BIB. CEMS - 11 de abril |h Z320.982 |i R664a2 |p 25001.07 |t Ej.6 | ||
| 859 | |a CEMS |b BIB. CEMS - 11 de abril |h Z320.982 |i R664a2 |p 11246.82 |t Ej.14 | ||
| 859 | |a CEMS |b BIB. CEMS - 11 de abril |h Z320.982 |i R664a2 |p 11247.82 |t Ej.15 | ||
